| 000 | 00788cam a22001815a 4500 | ||
|---|---|---|---|
| 001 | L156046 | ||
| 008 | 120426m18381840xxk f 000 0 eng d | ||
| 035 | _a(Sirsi) u156046 | ||
| 041 | 0 | _aeng | |
| 100 | 1 |
_aTallis, John _d1815 or 6-1876 |
|
| 245 | 0 | 0 |
_aTallis's London street views _bexhibiting upwards of one hundred buildings in each number, elegantly engraved on steel, with a commercial directory corrected every month, the whole forming a complete stranger's guide through London ... To which is added an index map of the streets |
| 260 |
_aLondon _bPublished for John Tallis ... _c[1838-1840] |
||
| 300 |
_a88 pts _bill., maps, plans _c15 x 23 cm. |
||
| 583 |
_aCondition reviewed _c20120620 _lcondition level 1 |
||
| 651 | 4 | _aLondon | |
| 690 |
_aInfrastructure _96246 |
||
| 942 | _n0 | ||
| 999 |
_c114003 _d114003 |
||